[Event "68th ch-RUS HL w 2018"]
[Site "Yaroslavl RUS"]
[Date "2018.06.28"]
[Round "3.18"]
[White "Kochukova, Anna"]
[Black "Paramzina, Anastasya"]
[Result "0-1"]
[WhiteTitle "WFM"]
[BlackTitle "WGM"]
[WhiteElo "2170"]
[BlackElo "2255"]
[WhiteFideId "24173932"]
[BlackFideId "4165012"]
[EventDate "2018.06.26"]

1. e4 c5 2. Nf3 d6 3. d4 Nf6 4. Nc3 cxd4 5. Nxd4 a6 6. Be2 e5 7. Nf3 h6 8. a4
Be6 9. Nd2 Be7 10. Nc4 Qc7 11. Ne3 O-O 12. Ned5 Nxd5 13. Nxd5 Bxd5 14. Qxd5 Qxc2
15. Qxb7 Nc6 16. O-O Ra7 17. Bd3 Rxb7 18. Bxc2 Nd4 19. Bd3 a5 20. g3 Rfb8 21.
Kg2 Nb3 22. Ra2 Bg5 23. Bxg5 hxg5 24. Bb5 Kf8 25. Rd1 Ke7 26. Ra3 Nd4 27. Rc3
Rd8 28. Rxd4 exd4 29. Rd3 d5 30. Rxd4 dxe4 31. Rxe4+ Kf6 32. Re2 Re7 33. Rc2 Rd4
34. b3 Ke5 35. Rc5+ Rd5 36. Rc6 Rd6 37. Rc5+ Rd5 38. Rc6 Re6 39. Rc7 Rf6 40. Rc2
Rfd6 41. Rc7 Rf6 42. Rc2 g6 43. Bc4 Rd1 44. h3 Kd4 45. Be2 Rb1 46. Rc4+ Kd5 47.
Rc2 Re1 48. Rd2+ Kc5 49. Bc4 Re5 50. Rd7 Ref5 51. Rd2 Kb4 52. Re2 Rf3 53. Bd5
Rd3 54. Bc4 Rc3 55. Re4 Ka3 56. f4 gxf4 57. gxf4 Rf5 58. h4 Rf6 59. Rd4 Re3 60.
Kf2 Rh3 61. Kg2 Rxh4 62. Kg3 Rh1 63. Rd7 Rg1+ 64. Kf3 g5 65. Bxf7 Rxf4+ 66. Ke2
Rg2+ 67. Ke3 Rg3+ 68. Ke2 g4 69. Bc4 Rc3 70. Rd5 g3 71. Kd2 Kb2 72. Be2 Rf2 73.
Ke1 Rc2 74. Bd1 g2 0-1

[Event "68th ch-RUS HL w 2018"]
[Site "Yaroslavl RUS"]
[Date "2018.06.28"]
[Round "3.19"]
[White "Ustich, Ekaterina"]
[Black "Loskutova, Viktoriya"]
[Result "0-1"]
[WhiteElo "2028"]
[BlackElo "2096"]
[WhiteFideId "24179221"]
[BlackFideId "34166278"]
[EventDate "2018.06.26"]

1. e4 c5 2. Nf3 g6 3. d4 cxd4 4. Nxd4 Bg7 5. c4 Nc6 6. Nc2 Nf6 7. Nc3 O-O 8. Be2
d6 9. O-O Nd7 10. Bd2 Nc5 11. f3 Be6 12. Rb1 a5 13. Nb5 a4 14. Bc3 Bxc3 15. Nxc3
Qb6 16. Kh1 Rfc8 17. f4 Na5 18. Na3 f6 19. f5 Bf7 20. fxg6 hxg6 21. Nxa4 Nxa4
22. Qxa4 Nc6 23. Qd1 Kg7 24. Qd2 Ne5 25. Rbc1 Rh8 26. Rc3 Rh4 27. Qc2 Rah8 28.
h3 Be6 29. Kh2 Qd4 30. b3 Ng4+ 31. Bxg4 Qe5+ 32. Kg1 Bxg4 33. Nb5 Bd7 34. a4
Rxe4 35. Qd3 Bc6 36. Qg3 Re2 37. Rf2 Re1+ 38. Kh2 Rxh3+ 39. Kxh3 Qh5+ 0-1

[Event "68th ch-RUS HL w 2018"]
[Site "Yaroslavl RUS"]
[Date "2018.06.28"]
[Round "3.20"]
[White "Voit, Daria"]
[Black "Legenko, Ksenia"]
[Result "1-0"]
[WhiteTitle "FM"]
[BlackTitle "WFM"]
[WhiteElo "2380"]
[BlackElo "2079"]
[WhiteFideId "4182146"]
[BlackFideId "4192265"]
[EventDate "2018.06.26"]

1. d4 d5 2. c4 dxc4 3. Nf3 Nf6 4. e3 e6 5. Bxc4 c5 6. O-O a6 7. dxc5 Qxd1 8.
Rxd1 Bxc5 9. Be2 Nbd7 10. Nbd2 b6 11. a3 Bb7 12. b4 Be7 13. Bb2 O-O 14. Nc4 Rfd8
15. Nd4 Rac8 16. f3 Bd5 17. Rac1 Bxc4 18. Rxc4 Rxc4 19. Bxc4 Nb8 20. Bb3 Ne8 21.
Rc1 Bf6 22. Kf2 Nd6 23. Rc2 Rc8 24. Rd2 Rd8 25. Re2 Kf8 26. e4 Nb5 27. Nxb5 Bxb2
28. Rxb2 axb5 29. Rc2 Ke7 30. Rc7+ Rd7 31. Rc8 Rd8 32. Rxd8 Kxd8 33. Ke3 Ke7 34.
Bc2 Na6 35. e5 Nc7 36. Be4 h6 37. Bc6 f6 38. exf6+ gxf6 39. g4 Kf7 40. h4 Ke7
41. Ke4 Kd6 42. Bb7 Ne8 43. f4 Kc7 44. Ba8 Kd6 45. Kd4 e5+ 46. fxe5+ fxe5+ 47.
Ke4 Ke6 48. Bd5+ Kf6 49. g5+ hxg5 50. hxg5+ Kxg5 51. Kxe5 Nf6 52. Bf3 Kg6 53.
Kd6 Kf5 54. Kc6 Ke5 55. Kxb5 Kd6 56. Kxb6 Nd7+ 57. Kb7 Ne5 58. Be2 Nc6 59. Bf1
Nd4 60. a4 1-0

[Event "68th ch-RUS HL w 2018"]
[Site "Yaroslavl RUS"]
[Date "2018.06.28"]
[Round "3.21"]
[White "Alekseeva, Irina"]
[Black "Charochkina, Daria"]
[Result "0-1"]
[BlackTitle "IM"]
[WhiteElo "2065"]
[BlackElo "2343"]
[WhiteFideId "24178683"]
[BlackFideId "4180917"]
[EventDate "2018.06.26"]

1. e4 g6 2. d4 Bg7 3. Nc3 d6 4. Bg5 a6 5. Qd2 b5 6. O-O-O Bb7 7. f3 Nd7 8. Kb1
Nb6 9. Qe1 Qc8 10. f4 b4 11. Nd5 Nxd5 12. exd5 Bxd5 13. Qxb4 Nf6 14. Qa5 Qb7 15.
Nf3 O-O 16. Bd3 c5 17. Qd2 c4 18. Bxf6 cxd3 19. Bxg7 dxc2+ 20. Qxc2 Be4 21. Rd3
Rfc8 22. Qe2 Rc3 23. Rd1 Rac8 24. Ne1 Kxg7 25. d5 Bxd3+ 26. Nxd3 Rc2 27. Qe4
R2c4 28. Qf3 Rd4 29. Nf2 Qc7 30. Qe2 Rxd5 31. Re1 Qc4 0-1

[Event "68th ch-RUS HL w 2018"]
[Site "Yaroslavl RUS"]
[Date "2018.06.28"]
[Round "3.22"]
[White "Sukhareva, Evgeniya"]
[Black "Faizutdinova, Diana"]
[Result "0-1"]
[WhiteElo "2234"]
[BlackElo "2046"]
[WhiteFideId "4167155"]
[BlackFideId "24143731"]
[EventDate "2018.06.26"]

1. d4 Nf6 2. c4 d6 3. Nc3 e5 4. d5 Bf5 5. Nf3 Be7 6. Nd2 O-O 7. g3 a5 8. Bg2
Nfd7 9. O-O Bg6 10. b3 f5 11. Bb2 Na6 12. a3 Bh5 13. Rb1 Qe8 14. Ba1 e4 15. Bh3
Bg5 16. Kh1 Ne5 17. Qc2 Ng4 18. Nd1 Qg6 19. f3 exf3 20. exf3 Ne3 21. Nxe3 Bxe3
22. Rbe1 f4 23. Ne4 Qh6 24. Be6+ Bf7 25. Qg2 Kh8 26. gxf4 Bxf4 27. Rg1 Bg6 28.
Bd4 Rae8 29. Re2 b6 30. Qg4 Re7 31. h4 Bh5 32. Qh3 Be5 33. Be3 Bxf3+ 34. Qxf3
Qxh4+ 35. Qh3 Qxe4+ 36. Qg2 Qxg2+ 37. Rexg2 Rf3 38. Bh6 Rxb3 39. Rf1 Re8 40. Bd7
Rd8 41. Bg5 Rg8 42. Rf7 Rxa3 43. Rg4 Nc5 44. Bf5 Rh3+ 45. Kg1 Rg3+ 46. Rxg3 Bxg3
47. Rxc7 Ra8 48. Bc1 a4 49. Ba3 h5 50. Bg6 h4 51. Kg2 Nb3 52. Rb7 Nd2 53. Bb2
Be5 54. Bxe5 dxe5 55. d6 Nxc4 56. d7 Rd8 57. Rc7 Nd6 58. Ra7 Kg8 59. Bh5 b5 60.
Ra6 Rxd7 61. Bg6 Kf8 62. Kh3 Ke7 63. Kxh4 Rb7 64. Kg5 e4 65. Kf4 b4 66. Rxa4 b3
67. Ra1 b2 68. Rb1 Rb4 69. Ke3 Nc4+ 70. Kd4 Na3+ 71. Kc3 Nxb1+ 72. Kxb4 Nd2 0-1

[Event "68th ch-RUS HL w 2018"]
[Site "Yaroslavl RUS"]
[Date "2018.06.28"]
[Round "3.23"]
[White "Getman, Tatyana"]
[Black "Mokshanova, Elizaveta"]
[Result "1-0"]
[WhiteTitle "WFM"]
[BlackTitle "WFM"]
[WhiteElo "2146"]
[BlackElo "2046"]
[WhiteFideId "34166146"]
[BlackFideId "24160679"]
[EventDate "2018.06.26"]

1. d4 Nf6 2. c4 g6 3. Nc3 Bg7 4. e4 d6 5. Nf3 O-O 6. h3 e5 7. d5 a5 8. Bg5 Na6
9. Nd2 Qe8 10. Be2 Nd7 11. g4 Nb6 12. a3 Bd7 13. Qc2 Na4 14. Nb5 N4c5 15. h4 c6
16. Nxd6 Qb8 17. Be7 Qc7 18. Qc3 Na4 19. Qe3 Rfb8 20. b3 N4c5 21. Nxf7 Kxf7 22.
Bxc5 b6 23. Qf3+ Kg8 24. Be7 cxd5 25. cxd5 Rc8 26. Bc4 Kh8 27. d6 Qc5 28. h5 Qd4
29. hxg6 Qxa1+ 30. Ke2 Qxh1 31. Qxh1 h6 32. Bf6 Bxg4+ 33. f3 h5 34. fxg4 Bxf6
35. Qxh5+ 1-0

[Event "68th ch-RUS HL w 2018"]
[Site "Yaroslavl RUS"]
[Date "2018.06.29"]
[Round "4.1"]
[White "Ovod, Evgenija"]
[Black "Tomilova, Elena"]
[Result "0-1"]
[WhiteTitle "IM"]
[BlackTitle "WIM"]
[WhiteElo "2360"]
[BlackElo "2334"]
[WhiteFideId "4131827"]
[BlackFideId "4162340"]
[EventDate "2018.06.26"]

1. e4 e6 2. d4 d5 3. Nd2 Nc6 4. Ngf3 Nf6 5. e5 Nd7 6. c3 f6 7. Bb5 fxe5 8. dxe5
Be7 9. Nd4 Nxd4 10. cxd4 O-O 11. Qg4 Nb6 12. O-O Bd7 13. Bd3 c5 14. dxc5 Bxc5
15. Nf3 Be7 16. Bg5 Rf7 17. Rae1 Rc8 18. Re3 g6 19. b3 d4 20. Bxe7 Qxe7 21. Nxd4
Nd5 22. Rf3 Rcf8 23. Rxf7 Rxf7 24. g3 Qb4 25. Bc4 Nc7 26. Qe4 b5 27. Bd3 Nd5 28.
Ne2 Qd2 29. Bb1 Bc6 30. Nd4 Nc3 31. Qxc6 Qxd4 32. Qxe6 Nxb1 33. Qe8+ Rf8 34.
Qe6+ Kg7 35. Qe7+ Rf7 36. Qe8 Nd2 37. e6 Rf8 38. Qe7+ Kg8 39. Rc1 Qxf2+ 40. Kh1
Nf3 0-1

[Event "68th ch-RUS HL w 2018"]
[Site "Yaroslavl RUS"]
[Date "2018.06.29"]
[Round "4.2"]
[White "Gritsayeva, Oksana"]
[Black "Galliamova, Alisa"]
[Result "1-0"]
[WhiteTitle "WFM"]
[BlackTitle "IM"]
[WhiteElo "2355"]
[BlackElo "2422"]
[WhiteFideId "14104652"]
[BlackFideId "4129725"]
[EventDate "2018.06.26"]

1. d4 d5 2. c4 c6 3. cxd5 cxd5 4. Nc3 e6 5. Bf4 Bd6 6. Bxd6 Qxd6 7. e3 Nc6 8.
Rc1 Nf6 9. Bd3 O-O 10. f4 b6 11. Nf3 Nb4 12. Bb1 Ba6 13. a3 Nc6 14. Ne5 Na5 15.
g4 Nc4 16. g5 Ne8 17. Qc2 f5 18. gxf6 Nxf6 19. Nxc4 Bxc4 20. Qg2 a5 21. Rg1 Rf7
22. Ne4 Nxe4 23. Bxe4 Raa7 24. Bb1 a4 25. Qh3 g6 26. Qh6 Rg7 27. h4 e5 28. dxe5
Qc5 29. Kf2 Qb5 30. Rc2 Raf7 31. Qg5 Qe8 32. Rd2 Qe6 33. h5 gxh5 34. Qd8+ Rf8
35. Rxg7+ Kxg7 36. Qg5+ Kh8 37. Qxh5 Rf7 38. Rd1 Bb5 39. Qg5 Rg7 40. Qd8+ Be8
41. Rh1 Kg8 42. Rh6 Qf7 43. Ba2 1-0

[Event "68th ch-RUS HL w 2018"]
[Site "Yaroslavl RUS"]
[Date "2018.06.29"]
[Round "4.3"]
[White "Potapova, Margarita"]
[Black "Vasilevich, Tatjana"]
[Result "0-1"]
[WhiteTitle "WFM"]
[BlackTitle "IM"]
[WhiteElo "2302"]
[BlackElo "2360"]
[WhiteFideId "14126869"]
[BlackFideId "14101610"]
[EventDate "2018.06.26"]

1. d4 Nf6 2. c4 c5 3. d5 e6 4. Nc3 exd5 5. cxd5 d6 6. e4 g6 7. Bd3 Bg7 8. Nge2
O-O 9. O-O a6 10. a4 Re8 11. Ng3 Nbd7 12. f4 Rb8 13. Re1 Qc7 14. Be3 h5 15. h3
h4 16. Nh1 c4 17. Bc2 Nc5 18. Bd4 b5 19. axb5 axb5 20. e5 Nh5 21. e6 f5 22. Ne2
Bb7 23. g4 Nxe6 24. Ba7 Nhxf4 25. gxf5 Nxd5 26. Be4 Nef4 27. Nd4 Ra8 28. Ne6
Nxe6 29. fxe6 Nf4 30. Qf3 Bxe4 31. Qxe4 d5 32. Qe3 Rxe6 33. Bb6 Qb8 34. Rxa8
Qxa8 35. Qd2 Rxe1+ 36. Qxe1 d4 37. Qf1 Qe4 38. Nf2 Ne2+ 0-1

[Event "68th ch-RUS HL w 2018"]
[Site "Yaroslavl RUS"]
[Date "2018.06.29"]
[Round "4.4"]
[White "Shuvalova, Polina"]
[Black "Maltsevskaya, Aleksandra"]
[Result "1-0"]
[WhiteTitle "WIM"]
[WhiteElo "2418"]
[BlackElo "2279"]
[WhiteFideId "24171760"]
[BlackFideId "24174041"]
[EventDate "2018.06.26"]

1. d4 d5 2. c4 e6 3. Nf3 Nf6 4. e3 Nbd7 5. Bd3 c6 6. b3 b6 7. O-O Bb7 8. Bb2 Be7
9. Nc3 Rc8 10. Qe2 O-O 11. Rad1 Qc7 12. e4 dxe4 13. Nxe4 Nxe4 14. Bxe4 Nf6 15.
Bb1 Rfe8 16. Qc2 g6 17. Rfe1 Rcd8 18. Qc3 Nd7 19. d5 Bf6 20. d6 Qb8 21. Qd2 e5
22. h4 c5 23. h5 Bxf3 24. gxf3 Nf8 25. f4 Qc8 26. f5 Bh8 27. Re3 Rd7 28. hxg6
hxg6 29. fxg6 fxg6 30. Qd5+ Re6 31. Rg3 Rxd6 32. Qxd6 Rxd6 33. Rxd6 Qc7 34. Rd5
Kf7 35. Be4 Qe7 36. Rdd3 Bf6 37. Bc1 Kg7 38. Rg4 g5 39. Bf5 Ne6 40. Rh3 Kf8 41.
Bxe6 Qxe6 42. Rhg3 Qf5 43. Bxg5 Bxg5 44. Rxg5 Qb1+ 45. Kg2 Qxa2 46. Rxe5 Qc2 47.
Rf3+ Kg7 48. Re7+ Kh6 49. Rxa7 Qg6+ 50. Rg3 Qe4+ 51. Kh2 Qf4 52. Kg1 Qe5 53.
Rag7 Qe1+ 54. Kg2 Qe4+ 55. Kh2 Qe5 56. Rg6+ Kh7 57. Rg4 1-0

[Event "68th ch-RUS HL w 2018"]
[Site "Yaroslavl RUS"]
[Date "2018.06.29"]
[Round "4.5"]
[White "Solozhenkina, Elizaveta"]
[Black "Nechaeva, Marina"]
[Result "0-1"]
[WhiteTitle "WIM"]
[BlackTitle "IM"]
[WhiteElo "2258"]
[BlackElo "2410"]
[WhiteFideId "34106615"]
[BlackFideId "4149351"]
[EventDate "2018.06.26"]

1. e4 c6 2. d4 d5 3. Nc3 dxe4 4. Nxe4 Bf5 5. Ng3 Bg6 6. h4 h6 7. Nf3 Nf6 8. Ne5
Bh7 9. Bd3 Bxd3 10. Qxd3 e6 11. f4 Bb4+ 12. c3 Bd6 13. Bd2 O-O 14. O-O-O c5 15.
Qf3 cxd4 16. Qxb7 Nbd7 17. Nc6 Qb6 18. Qxb6 axb6 19. Nxd4 Rxa2 20. Kc2 Rc8 21.
Nb5 Bc5 22. Rhf1 Raa8 23. Rde1 Ra5 24. c4 Rxb5 25. cxb5 Bf2+ 26. Bc3 Bxg3 27.
Re3 Bxh4 28. Rh3 Nd5 29. Rxh4 Ne3+ 30. Kd3 Nxf1 31. Rh3 Nf6 32. Ke2 Nd5 33. Kxf1
Nxf4 34. Rg3 g5 35. Bd4 Nd5 36. Ke2 Rc4 37. Kd3 Rb4 0-1

[Event "68th ch-RUS HL w 2018"]
[Site "Yaroslavl RUS"]
[Date "2018.06.29"]
[Round "4.6"]
[White "Kovalevskaya, Ekaterina"]
[Black "Vinokur, Yuliya"]
[Result "1-0"]
[WhiteTitle "IM"]
[BlackTitle "WFM"]
[WhiteElo "2402"]
[BlackElo "2131"]
[WhiteFideId "4116704"]
[BlackFideId "34127515"]
[EventDate "2018.06.26"]

1. e4 Nf6 2. e5 Nd5 3. d4 d6 4. Nf3 Bg4 5. Be2 e6 6. O-O Be7 7. c4 Nb6 8. Nc3
O-O 9. Be3 d5 10. c5 Bxf3 11. gxf3 Nc8 12. f4 Nc6 13. b4 a6 14. Rb1 Bh4 15. Bd3
f5 16. Kh1 Kh8 17. Rg1 Qe8 18. Qf3 N8e7 19. b5 Na5 20. Be2 g5 21. fxg5 f4 22.
Bc1 Ng6 23. Bd3 Qe7 24. Ne2 Nc4 25. Bxg6 hxg6 26. Nxf4 Kg7 27. Qh3 Rxf4 28. Bxf4
Rh8 29. Qg2 Na3 30. Rb3 Nxb5 31. Be3 c6 32. a4 Na7 33. Rgb1 Rb8 34. Qg4 1-0

[Event "68th ch-RUS HL w 2018"]
[Site "Yaroslavl RUS"]
[Date "2018.06.29"]
[Round "4.7"]
[White "Kovanova, Baira"]
[Black "Yakimenko, Viktoria"]
[Result "1-0"]
[WhiteTitle "WGM"]
[BlackTitle "WFM"]
[WhiteElo "2369"]
[BlackElo "2078"]
[WhiteFideId "4164083"]
[BlackFideId "24174998"]
[EventDate "2018.06.26"]

1. d4 Nf6 2. c4 c5 3. d5 b5 4. cxb5 a6 5. bxa6 d6 6. Nc3 Nbd7 7. Nf3 Bxa6 8. e4
Bxf1 9. Kxf1 g6 10. g3 Bg7 11. Kg2 O-O 12. Re1 Qc7 13. Rb1 Rfb8 14. Qc2 Rb7 15.
b3 Qb8 16. a4 c4 17. bxc4 Rxb1 18. Nxb1 Qb4 19. Nbd2 Ng4 20. h3 Nge5 21. Nxe5
Bxe5 22. Re3 Nc5 23. Nf3 Bg7 24. e5 h6 25. Ba3 Qb6 26. Bxc5 Qxc5 27. Qb3 Qa7 28.
exd6 exd6 29. Qb5 Qxa4 30. Re8+ Kh7 31. Qxa4 Rxa4 32. Rc8 Bf6 33. Nd2 Kg7 34.
Ne4 Be7 35. Rc7 Kf8 36. Nc3 Rb4 37. Nb5 Ke8 38. Nd4 Bd8 39. Rc8 Rb7 40. Nc6 Rd7
41. f4 f6 42. g4 h5 43. gxh5 gxh5 44. Kf3 f5 45. h4 1-0

[Event "68th ch-RUS HL w 2018"]
[Site "Yaroslavl RUS"]
[Date "2018.06.29"]
[Round "4.8"]
[White "Dordzhieva, Dinara"]
[Black "Savina, Anastasia"]
[Result "1/2-1/2"]
[WhiteTitle "WIM"]
[BlackTitle "IM"]
[WhiteElo "2274"]
[BlackElo "2343"]
[WhiteFideId "24157570"]
[BlackFideId "4196872"]
[EventDate "2018.06.26"]

1. d4 d5 2. c4 dxc4 3. Nf3 Nf6 4. e3 e6 5. Bxc4 c5 6. O-O a6 7. a4 Nc6 8. Qe2
Bd6 9. Rd1 Qc7 10. Nc3 b6 11. h3 O-O 12. dxc5 bxc5 13. Bd2 Bb7 14. Rac1 Rfd8 15.
Be1 h6 16. Bd3 Nb4 17. Bb1 Qc6 18. e4 Bf4 19. Rxd8+ Rxd8 20. Rd1 Rxd1 21. Qxd1
Nd7 22. Nd2 Bb8 23. Nc4 Qc7 24. e5 Nd5 25. Nd6 Nxe5 26. Nxb7 Qxb7 27. Be4 Qxb2
28. Nxd5 exd5 29. Qxd5 Qd4 30. Bc3 Qxd5 31. Bxd5 Bc7 32. Bxe5 Bxe5 33. Bc4 a5
34. Kf1 Kf8 35. Ke2 Ke7 36. Kd3 f5 37. Bg8 Bd4 38. f4 h5 39. Ke2 Bc3 40. h4 Bf6
41. g3 Bc3 42. Bc4 Bb4 1/2-1/2

[Event "68th ch-RUS HL w 2018"]
[Site "Yaroslavl RUS"]
[Date "2018.06.29"]
[Round "4.9"]
[White "Balaian, Alina"]
[Black "Belenkaya, Dina"]
[Result "1/2-1/2"]
[WhiteTitle "WIM"]
[BlackTitle "WGM"]
[WhiteElo "2221"]
[BlackElo "2308"]
[WhiteFideId "24115347"]
[BlackFideId "24142654"]
[EventDate "2018.06.26"]

1. e4 c5 2. Nf3 d6 3. d4 cxd4 4. Nxd4 Nf6 5. Nc3 a6 6. Be3 e5 7. Nf3 Be7 8. Bc4
O-O 9. O-O Nc6 10. Bg5 Be6 11. Bb3 Nd7 12. Be3 Rc8 13. Re1 Nf6 14. Bg5 Nd7 15.
Be3 Nf6 16. Bg5 Nd7 17. Be3 Nf6 18. Bg5 Nd7 19. Be3 Nf6 20. Bg5 1/2-1/2

[Event "68th ch-RUS HL w 2018"]
[Site "Yaroslavl RUS"]
[Date "2018.06.29"]
[Round "4.10"]
[White "Bodnaruk, Anastasia"]
[Black "Diakonova, Ekaterina"]
[Result "1-0"]
[WhiteTitle "IM"]
[WhiteElo "2451"]
[BlackElo "2212"]
[WhiteFideId "4181751"]
[BlackFideId "24172936"]
[EventDate "2018.06.26"]

1. e4 c6 2. d4 d5 3. e5 Bf5 4. h4 h5 5. c4 e6 6. Nc3 Ne7 7. Bg5 dxc4 8. Bxc4 Nd7
9. Nge2 f6 10. exf6 gxf6 11. Bf4 Nb6 12. Bb3 Ned5 13. O-O Qd7 14. Bg3 Bh6 15.
Nxd5 exd5 16. Re1 O-O-O 17. a4 Nc4 18. Bxc4 dxc4 19. a5 a6 20. b3 c3 21. Nxc3
Qxd4 22. Na4 Bf4 23. Qxd4 Rxd4 24. Rad1 Rb4 25. Bxf4 Rxf4 26. Rd6 Rf8 27. Re7
Re4 28. Nb6+ Kb8 29. Rxe4 Bxe4 30. Re6 Bf5 31. Nd7+ 1-0

[Event "68th ch-RUS HL w 2018"]
[Site "Yaroslavl RUS"]
[Date "2018.06.29"]
[Round "4.11"]
[White "Baraeva, Marina"]
[Black "Protopopova, Anastasiya"]
[Result "0-1"]
[WhiteTitle "WIM"]
[BlackTitle "WFM"]
[WhiteElo "2210"]
[BlackElo "2262"]
[WhiteFideId "24142573"]
[BlackFideId "24172073"]
[EventDate "2018.06.26"]

1. c4 c5 2. Nc3 Nc6 3. g3 e5 4. Bg2 g6 5. e4 Bg7 6. Nge2 Nge7 7. O-O O-O 8. a3
d6 9. Rb1 a5 10. d3 Rb8 11. Bd2 Be6 12. Nb5 f5 13. f4 fxe4 14. Bxe4 d5 15. cxd5
Bxd5 16. Be3 b6 17. Nec3 Be6 18. fxe5 Bxe5 19. Rxf8+ Qxf8 20. Qd2 Bh3 21. Nd5
Qf7 22. Nf4 Bf5 23. Qg2 Bxe4 24. Qxe4 Nf5 25. Bf2 Ncd4 26. Nxd4 Nxd4 27. Kg2 Bg7
28. Re1 g5 29. Nd5 Rf8 30. Ne7+ Kh8 31. Bxd4 Bxd4 32. b3 Qf2+ 33. Kh3 Qf6 34.
Re2 Kg7 35. Nd5 Qf1+ 36. Rg2 h5 37. Qe7+ Kh6 38. Qe6+ Bf6 39. Ne3 g4+ 40. Nxg4+
hxg4+ 41. Qxg4 Rh8 42. a4 Kh7 43. Qe4+ Kg7+ 44. Kg4 Qd1+ 45. Kf4 Rd8 46. Qb7+
Kh6 47. Kf5 Qf1+ 48. Ke6 Re8+ 0-1

[Event "68th ch-RUS HL w 2018"]
[Site "Yaroslavl RUS"]
[Date "2018.06.29"]
[Round "4.12"]
[White "Goltseva, Ekaterina"]
[Black "Khokhlova, Daria"]
[Result "0-1"]
[WhiteTitle "WFM"]
[WhiteElo "2260"]
[BlackElo "2198"]
[WhiteFideId "24173770"]
[BlackFideId "24182729"]
[EventDate "2018.06.26"]

1. d4 Nf6 2. c4 c5 3. d5 e6 4. Nc3 exd5 5. cxd5 d6 6. Nf3 g6 7. e4 Bg7 8. Be2
O-O 9. Nd2 a6 10. a4 Nbd7 11. O-O Re8 12. h3 Rb8 13. a5 b5 14. axb6 Qxb6 15. Nc4
Qc7 16. Qc2 Nb6 17. Na5 Ra8 18. Bf4 Nfd7 19. Rfe1 Ne5 20. Bg3 f5 21. f4 Nf7 22.
Bf3 fxe4 23. Bxe4 Nh6 24. Nc6 Bf5 25. Bf2 Bxc3 26. bxc3 Rxe4 27. Rxe4 Nxd5 28.
Qa4 Bxe4 29. Qxe4 Qxc6 30. Rd1 Re8 31. Qc4 Nf7 32. Rxd5 Qb5 33. Qa2 Re2 34. Rd2
Rxd2 35. Qxd2 a5 36. Qd5 a4 37. c4 Qb3 38. Qe6 a3 39. Bh4 a2 40. Qe8+ Kg7 41.
Be7 Qe3+ 0-1

[Event "68th ch-RUS HL w 2018"]
[Site "Yaroslavl RUS"]
[Date "2018.06.29"]
[Round "4.13"]
[White "Paramzina, Anastasya"]
[Black "Bocharova, Ulyana"]
[Result "1-0"]
[WhiteTitle "WGM"]
[WhiteElo "2255"]
[BlackElo "1874"]
[WhiteFideId "4165012"]
[BlackFideId "24174513"]
[EventDate "2018.06.26"]

1. e4 c6 2. Nc3 d5 3. Nf3 dxe4 4. Nxe4 Bf5 5. Ng3 Bg6 6. Ne5 Nd7 7. Nxg6 hxg6 8.
a4 e6 9. b3 Ngf6 10. Bb2 Bd6 11. Qf3 Ne5 12. Qe2 Ned7 13. h3 Qc7 14. Ne4 Nxe4
15. Qxe4 Be5 16. d4 Bf6 17. a5 c5 18. a6 Rb8 19. Be2 O-O 20. h4 Bxd4 21. Bxd4
cxd4 22. Qxd4 Qxc2 23. h5 Rfd8 24. hxg6 Nf6 25. gxf7+ Kxf7 26. Qe3 bxa6 27. Bc4
Qe4 28. Qxe4 Nxe4 29. Rxa6 Rb6 30. Rxa7+ Kg6 31. Ke2 Nc5 32. Rh3 Kf6 33. Rf3+
Ke5 34. Re3+ Kf6 35. Rf3+ Ke5 36. Rxg7 Ne4 37. Rh7 Nc5 38. Rh5+ Kd6 39. g4 Ra8
40. Re3 Rb7 41. Ree5 Rc8 42. f4 Re7 43. Rh6 Rb8 44. Re3 Kd7 45. Rh5 Kd6 46. Rhe5
Rf7 47. f5 Rh7 48. Bxe6 Ra8 49. b4 Rh2+ 50. Kf3 1-0

[Event "68th ch-RUS HL w 2018"]
[Site "Yaroslavl RUS"]
[Date "2018.06.29"]
[Round "4.14"]
[White "Loskutova, Viktoriya"]
[Black "Schepetkova, Margarita"]
[Result "1/2-1/2"]
[BlackTitle "WIM"]
[WhiteElo "2096"]
[BlackElo "2244"]
[WhiteFideId "34166278"]
[BlackFideId "4189949"]
[EventDate "2018.06.26"]

1. e4 c6 2. d4 d5 3. e5 c5 4. dxc5 e6 5. a3 Nc6 6. Nf3 Bxc5 7. Bd3 f6 8. b4 Bb6
9. Bb2 fxe5 10. b5 Nd4 11. Nxd4 exd4 12. Qh5+ Kf8 13. O-O Qd6 14. a4 Nf6 15. Qe2
Kf7 16. Ba3 Qc7 17. f4 Re8 18. Nd2 Kg8 19. Kh1 e5 20. fxe5 Rxe5 21. Qf3 Qd8 22.
Nb3 Bg4 23. Qg3 Re3 24. Qh4 h5 25. Bc1 Qd6 26. Bxe3 dxe3 27. h3 e2 28. Rxf6 gxf6
29. hxg4 Re8 30. Re1 Qf4 31. Qxh5 Re5 32. Qh7+ Kf8 33. Qh8+ Kf7 34. Qh7+ Kf8 35.
Qh8+ Kf7 36. Qh7+ 1/2-1/2

[Event "68th ch-RUS HL w 2018"]
[Site "Yaroslavl RUS"]
[Date "2018.06.29"]
[Round "4.15"]
[White "Afonasieva, Anna"]
[Black "Garifullina, Leya"]
[Result "1-0"]
[WhiteTitle "WFM"]
[BlackTitle "WCM"]
[WhiteElo "2217"]
[BlackElo "2131"]
[WhiteFideId "24173606"]
[BlackFideId "34127035"]
[EventDate "2018.06.26"]

1. d4 Nf6 2. Nf3 e6 3. c4 d5 4. e3 c6 5. Bd3 Nbd7 6. O-O Bd6 7. Nc3 dxc4 8. Bxc4
b5 9. Bd3 O-O 10. b3 a6 11. a4 Bb7 12. Bb2 Qb8 13. Ne4 Nxe4 14. Bxe4 f5 15. Bd3
h6 16. Qe2 e5 17. e4 exd4 18. Nxd4 Bxh2+ 19. Kh1 Be5 20. Nxf5 Qd8 21. f4 Bxb2
22. Qxb2 Nf6 23. Rf3 c5 24. Rg3 Kh8 25. Nxg7 Qd4 26. Qxd4 cxd4 27. Ne6 Rg8 28.
Rxg8+ Rxg8 29. Nc5 Ba8 30. axb5 axb5 31. Ra6 Ng4 32. Kg1 Rc8 33. b4 Bc6 34. g3
Ne3 35. Nb3 Bb7 36. Rxh6+ Kg8 37. Nc5 Ra8 38. Rg6+ Kf7 39. f5 Ra1+ 40. Kf2 Ra2+
41. Kf3 Nxf5 42. Rg5 Nd6 43. Nxb7 Nxb7 44. Rxb5 Nd6 45. Rd5 Ra3 46. Rxd4 Nb5 47.
Rd5 Nc3 48. Rf5+ Ke7 49. Kf4 Rb3 50. b5 Rb2 51. g4 Rd2 52. Ke3 Rg2 53. g5 Na4
54. Bc4 Nb6 55. Bd5 Rg1 56. Kf3 Nd7 57. Rf7+ Ke8 58. Rg7 Ne5+ 59. Kf4 Nd3+ 60.
Kf5 Kf8 61. Rc7 Rf1+ 62. Ke6 Nf4+ 63. Kd6 Nd3 64. Bc4 Rd1 65. Bxd3 Rxd3+ 66. Kc6
Ke8 67. g6 Rg3 68. g7 Kd8 69. Rf7 1-0

[Event "68th ch-RUS HL w 2018"]
[Site "Yaroslavl RUS"]
[Date "2018.06.29"]
[Round "4.16"]
[White "Bulatova, Kamaliya"]
[Black "Voit, Daria"]
[Result "0-1"]
[WhiteTitle "WFM"]
[BlackTitle "FM"]
[WhiteElo "2051"]
[BlackElo "2380"]
[WhiteFideId "34111546"]
[BlackFideId "4182146"]
[EventDate "2018.06.26"]

1. d4 Nf6 2. c4 e6 3. Nc3 Bb4 4. e3 d5 5. a3 Bxc3+ 6. bxc3 c6 7. cxd5 cxd5 8. c4
O-O 9. cxd5 Qxd5 10. Nf3 b6 11. Bd3 Ba6 12. O-O Bxd3 13. Qxd3 Nc6 14. Re1 Ne4
15. Nd2 Nxd2 16. Qxd2 Rac8 17. Bb2 Na5 18. e4 Qb3 19. Bc1 Rfd8 20. Qe3 h6 21.
Bd2 Qxe3 22. Bxe3 Rc4 23. Rac1 Ra4 24. Rc3 Nc4 25. Ra1 Nd6 26. e5 Nb5 27. Rd3
Rd5 28. Kf1 Nxd4 29. Rad1 Nf5 30. Rxd5 Nxe3+ 31. fxe3 exd5 32. Rxd5 Rxa3 33.
Rd8+ Kh7 34. Kf2 Ra5 35. Rd7 a6 36. Rd6 Rb5 37. Kf3 a5 38. Kf4 a4 39. Rd3 Ra5
40. Ra3 b5 41. Ke4 b4 42. Ra1 b3 43. Rb1 a3 0-1